000 00254nam a22001097a 4500
082 _aظ ل ا
100 _aظل الرحمان انصاری
245 _aورد ء وظیفا
260 _aلاھور
_bفال روڈ
_c؟
300 _a۱۳۳
942 _cBK
999 _c11737
_d11737